| 000 | 00831cam a2200277 a 4500 | ||
|---|---|---|---|
| 001 | 3804272 | ||
| 003 | ARRUPE | ||
| 005 | 20220405081054.0 | ||
| 008 | 850301r1986 nyua b 001 0 eng | ||
| 010 | _a 85004960 | ||
| 020 |
_a0393022161 : _c$18.95 |
||
| 040 |
_aDLC _cDLC _dDLC |
||
| 050 | 0 | 0 |
_aQH366.2 _b.D37 1986 |
| 082 | 0 | 0 |
_a575 _219 |
| 100 | 1 |
_aDawkins, Richard, _d1941- |
|
| 245 | 1 | 4 |
_aThe blind watchmaker / _cRichard Dawkins ; [illustrations by Liz Pyle]. |
| 250 | _a1st American ed. | ||
| 260 |
_aNew York : _bNorton, _c1986. |
||
| 300 |
_axiii, 332 p. : _bill. ; _c25 cm. |
||
| 500 | _aIncludes index. | ||
| 504 | _aBibliography: p. 321-326. | ||
| 650 | 0 |
_aEvolution (Biology) _910545 |
|
| 650 | 0 |
_aNatural selection. _950763 |
|
| 906 |
_a7 _bcbc _corignew _d1 _eocip _f19 _gy-gencatlg |
||
| 942 |
_2lcc _cMONOGRAPH |
||
| 999 |
_c131223 _d131223 |
||